Comparative Analysis of Credit Risk Models

Porovnanie predvídacích schopnosti viacerých konkurzných modelov segmentu MSP v Českej republike a jej subsegmentov - stredné, malé a mikropodniky. Sústredenie sa na malé a stredné podniky (MSP) so zreteľom na ich zásadnú úlohu v českej ekonomike.

Saved in:
Bibliographic Details
Main Author: Plíhal, Tomáš
Other Authors: Sponerová, Martina, Sponer, Miroslav
Format: Book Chapter
Language:English
Subjects:
Tags: Add Tag
No Tags, Be the first to tag this record!

MARC

LEADER 00000nla a2200000 4500
001 0246266
005 20220803161707.4
041 0 |a eng 
044 |a CZ 
245 1 0 |a Comparative Analysis of Credit Risk Models  |c Tomáš Plíhal, Martina Sponerová, Miroslav Sponer 
520 |a Porovnanie predvídacích schopnosti viacerých konkurzných modelov segmentu MSP v Českej republike a jej subsegmentov - stredné, malé a mikropodniky. Sústredenie sa na malé a stredné podniky (MSP) so zreteľom na ich zásadnú úlohu v českej ekonomike. 
610 2 0 |a riziko 
610 2 0 |a riziko podnikateľské 
610 2 0 |a riziko úverové 
610 2 0 |a podnik malý 
610 2 0 |a podnik stredný 
610 2 0 |a bankrot 
610 2 0 |a analýza komparatívna 
610 2 0 |a Česko 
100 1 |a Plíhal, Tomáš 
700 1 |a Sponerová, Martina 
700 1 |a Sponer, Miroslav